Proslogion : (Record no. 141724)

MARC details
000 -LEADER
fixed length control field 00635nam a22001937a 4500
005 - DATE AND TIME OF LATEST TRANSACTION
control field 20180618102418.0
008 - FIXED-LENGTH DATA ELEMENTS--GENERAL INFORMATION
fixed length control field 130917t spu||||| |||| 00| 0 spa d
020 ## - INTERNATIONAL STANDARD BOOK NUMBER
International Standard Book Number 2080707155
050 ## - LIBRARY OF CONGRESS CALL NUMBER
Classification number BR765.A5
Item number C36 1993
100 ## - MAIN ENTRY--PERSONAL NAME
Personal name Cantorbery, Anselme de
245 1# - TITLE STATEMENT
Title Proslogion :
Remainder of title suivi de sarefuration réfutation par Gaunilon et de la réponse d`Anselme /
Statement of responsibility, etc Anselme de Cantorbery, ; tr. Bernard Pautrat
250 ## - EDITION STATEMENT
Edition statement 1a ed.
260 ## - PUBLICATION, DISTRIBUTION, ETC. (IMPRINT)
Place of publication, distribution, etc Paris :
Name of publisher, distributor, etc Flammarion,
Date of publication, distribution, etc 1993
300 ## - PHYSICAL DESCRIPTION
Extent 161 p. ;
Dimensions 19 cm.
500 ## - GENERAL NOTE
General note 1 ejemplar
504 ## - BIBLIOGRAPHY, ETC. NOTE
Bibliography, etc incluye índice
600 ## - SUBJECT ADDED ENTRY--PERSONAL NAME
Personal name Anselmo, San, Arzobispo de Canterbury, 1033-1109.
650 #4 - SUBJECT ADDED ENTRY--TOPICAL TERM
Topical term or geographic name as entry element filosofia
General subdivision Existencia de Dios
650 #4 - SUBJECT ADDED ENTRY--TOPICAL TERM
Topical term or geographic name as entry element Obras anteriores a 1800
General subdivision Verdad
Chronological subdivision Obras anteriores a 1800
700 ## - ADDED ENTRY--PERSONAL NAME
Personal name Pautrat, Bernard
Relator term tr.
942 ## - ADDED ENTRY ELEMENTS (KOHA)
Source of classification or shelving scheme Clasificación Decimal Dewey
Koha item type Libro
Holdings
Estado de pérdida Fuente de clasificación Estado del daño No para préstamo Ubicación permanente Ubicación actual Apartado o colección Fecha de adquisición Edición Área del conocimiento Clasificación Código de Barras Date last seen Número de copia Tipo de recurso
  Biblioteca del Cogreso de los Estados Unidos     Biblioteca de la Facultad de Filosofía Biblioteca de la Facultad de Filosofía General 14/06/2018 1 ed. Educación y Humanidades BR765.A5 C36 1993 BFF000030033 14/06/2018 C:1 Libro